NCAAM Basketball Logo Quiz: Big South - Statistics

General Stats
  • This quiz has been taken 176 times
    106 since last reset
  • The average score is 7 of 9
Answer Stats
Picture Answer % Correct
High Point
88%
Winthrop
82%
Presbyterian
81%
USC Upstate
78%
Radford
70%
Gardner-Webb
66%
Charleston Southern
64%
UNC Asheville
64%
Longwood
63%
No matching quizzes found
Score Distribution
Percent of People with Each Score
Percentile by Number Answered
Your Score History
You have not taken this quiz since the last reset